Score 0/20 Timer 03:00
2 Plays Today
% Correct
Friends
94.4%
The Fresh Prince of Bel-Air
85.5%
Rugrats
85.1%
Seinfeld
83.1%
The Wonder Years
75.9%
Saved by the Bell
75.4%
Home Improvement
74.8%
Sabrina the Teenage Witch
72.9%
Family Matters
72.8%
Ren & Stimpy
71.9%
% Correct
Frasier
67.6%
ER
64.6%
Dawson's Creek
63.7%
Boy Meets World
62.8%
3rd Rock From the Sun
58.6%
Daria
57.4%
Beverly Hills, 90210
54.4%
Married... with Children
54.4%
Buffy the Vampire Slayer
49.7%
The X-Files
46%
Remove Ads.
Support Sporcle.
Get the best of Sporcle when you Go Orange. This ad-free experience offers more features, more stats, and more fun while also helping to support Sporcle. Thank you for becoming a member.

You're not logged in!

Compare scores with friends on all Sporcle quizzes.
OR
Log In

Show Comments

Extras

Top Quizzes Today


Score Distribution

Your Account Isn't Verified!

In order to create a playlist on Sporcle, you need to verify the email address you used during registration. Go to your Sporcle Settings to finish the process.

Report this User

Report this user for behavior that violates our Community Guidelines.

Details: